| 000 | 00655nam a22002177a 4500 | ||
|---|---|---|---|
| 005 | 20150413163019.0 | ||
| 008 | 140714b xxu||||| |||| 00| 0 Urdu d | ||
| 010 | _aUR-8813 | ||
| 020 | q | _c200.00 | |
| 035 | _aU-7368 | ||
| 037 | _bDBAD/Pub. | ||
| 040 |
_aDPL _bUrdu |
||
| 082 | _a841 | ||
| 100 | _aا عظم ر ا ہی | ||
| 245 |
_aمنظر کا ا نجما د _bا عظم ر ا ہی |
||
| 246 |
_aManzer ka Anjamad _bBy Azam Rahi |
||
| 260 |
_aDelhi _bEdu. Publications House _c2013 |
||
| 270 |
_a3108-Vakeel Street, Lal Kuan, _bDelhi _e110006 _k9985657173 |
||
| 300 |
_a207-ص _b22C.m.(PB) |
||
| 942 |
_2ddc _cUR _h841 _mا ع ظ |
||
| 999 |
_c92935 _d92935 |
||